00240nam a2200109Ia 4500008004100000041001200041082001100053100001400064245004000078260000600118650000600124221030s9999 xx 000 0 und d aEnglish a105.23 aS. Haykin 0aCommunication Systemscby S. Haykin c0 aB